Humanism :the wreck of Western culture / (Record no. 2903)

000 -LEADER
fixed length control field 01110cam a2200325 a 4500
001 - CONTROL NUMBER
control field 3021265
003 - CONTROL NUMBER IDENTIFIER
control field OSt
005 - DATE AND TIME OF LATEST TRANSACTION
control field 20160823160201.0
008 - FIXED-LENGTH DATA ELEMENTS--GENERAL INFORMATION
fixed length control field 940407s1993 enkac b 001 0 eng d
010 ## - LIBRARY OF CONGRESS CONTROL NUMBER
LC control number 94142237
020 ## - INTERNATIONAL STANDARD BOOK NUMBER
International Standard Book Number 0586092331 (pbk) :
Terms of availability £6.99 : Formerly CIP
035 ## - SYSTEM CONTROL NUMBER
System control number (OCoLC)29387984
040 ## - CATALOGING SOURCE
Original cataloging agency Uk
Transcribing agency Uk
Modifying agency CU-A
-- DLC
042 ## - AUTHENTICATION CODE
Authentication code lccopycat
043 ## - GEOGRAPHIC AREA CODE
Geographic area code e-------
-- n-------
050 00 - LIBRARY OF CONGRESS CALL NUMBER
Classification number B778.C34 1993
082 04 - DEWEY DECIMAL CLASSIFICATION NUMBER
Classification number 144
Edition number 20
100 1# - MAIN ENTRY--PERSONAL NAME
Personal name Carroll, John,
Dates associated with a name 1944-
245 10 - TITLE STATEMENT
Title Humanism :the wreck of Western culture /
Statement of responsibility, etc John Carroll.
260 ## - PUBLICATION, DISTRIBUTION, ETC. (IMPRINT)
Place of publication, distribution, etc London :
Name of publisher, distributor, etc Fontana Press,
Date of publication, distribution, etc 1993.
300 ## - PHYSICAL DESCRIPTION
Extent 240 p. :
Other physical details ill., ports. ;
Dimensions 20 cm.
490 0# - SERIES STATEMENT
Series statement Fontana movements and ideas
504 ## - BIBLIOGRAPHY, ETC. NOTE
Bibliography, etc Includes bibliographical references (p. 233) and index.
650 #0 - SUBJECT ADDED ENTRY--TOPICAL TERM
Topical term or geographic name as entry element Humanism
General subdivision History.
650 #0 - SUBJECT ADDED ENTRY--TOPICAL TERM
Topical term or geographic name as entry element Civilization, Western
General subdivision History.
650 #0 - SUBJECT ADDED ENTRY--TOPICAL TERM
Topical term or geographic name as entry element Religion and culture
Geographic subdivision Western countries
General subdivision History.
906 ## - LOCAL DATA ELEMENT F, LDF (RLIN)
a 7
b cbc
c copycat
d 2
e ncip
f 19
g y-gencatlg
942 ## - ADDED ENTRY ELEMENTS (KOHA)
Source of classification or shelving scheme
Koha item type Book
Holdings
Withdrawn status Lost status Source of classification or shelving scheme Damaged status Not for loan Home library Current library Shelving location Date acquired Total Checkouts Full call number Barcode Date last seen Copy number Price effective from Koha item type
          Riara University Library Riara University Library General stack 23/08/2016   B778.C34 1993 7163/16 23/08/2016 C.1 23/08/2016 Book

Riara University Library,
P.O. Box 49940-00100,
Nairobi, Kenya.